| 000 | 01114nam a22002537a 4500 | ||
|---|---|---|---|
| 005 | 20110427142254.0 | ||
| 010 | _aB-425578 | ||
| 020 |
_a9780195647617 _c225.00 |
||
| 020 |
_a0195647610 _c225.00 |
||
| 035 | _aB-425578 | ||
| 037 | _bRBC/VEN | ||
| 082 | _a320.9045 | ||
| 100 |
_aGandhi, Leela, _928211 |
||
| 245 |
_aPostcolonial theory : _cby Leela Gandhi _ba critical introduction / |
||
| 260 |
_aNew Delhi _bOxford University Press _c2010 |
||
| 270 |
_aYMCA Library Building, Jai Singh Road _bNew Delhi _e110001 |
||
| 300 |
_ax, 200 p. _c22cm (Pbk) |
||
| 500 | _aIncludes bibliographical references (p. 177-188) and index. | ||
| 650 |
_aPostcolonialism. _928212 |
||
| 700 | _94162 | ||
| 942 |
_2ddc _cEN _h320.9045 _mGAN |
||
| 999 |
_c51932 _d51932 |
||